[Event "Bad Griesbach Seniors op 14th"]
[Site "Bad Griesbach"]
[Date "2011.12.10"]
[Round "7"]
[White "Zorn, Guenter"]
[Black "Mlinar, Denis"]
[Result "1-0"]
[WhiteElo "1291"]
[BlackElo "1153"]
[PlyCount "69"]
[EventDate "2011.12.04"]
[EventType "swiss"]
[EventRounds "7"]
[EventCountry "GER"]
[SourceTitle "EXT 2015"]
[Source "ChessBase"]
[SourceDate "2014.11.20"]
[SourceVersion "1"]
[SourceVersionDate "2014.11.20"]
[SourceQuality "1"]

1. d4 d5 2. c4 e6 3. e3 Nf6 4. Nf3 Be7 5. Nc3 a6 6. a3 0-0 7. Be2 b6 8. 0-0 Nbd7 9. Bd3 Bb7 10. cxd5 exd5 11. Re1 c5 12. Bb1 cxd4 13. exd4 Bd6 14. Qc2 g6 15. h3 Re8 16. Be3 Rc8 17. Qd2 b5 18. Bd3 b4 19. Na4 a5 20. Rec1 Rxc1+ 21. Rxc1 bxa3 22. Nc5 Nxc5 23. dxc5 axb2 24. Qxb2 d4 25. cxd6 Bxf3 26. gxf3 dxe3 27. Qd4 exf2+ 28. Kxf2 Nd7 29. Bb5 Re6 30. Rc7 Nf6 31. d7 Nxd7 32. Rxd7 Qb6 33. Rd8+ Qxd8 34. Qxd8+ Kg7 35. Qxa5 1-0

[Event "Bad Griesbach Seniors op 14th"]
[Site "Bad Griesbach"]
[Date "2011.12.05"]
[Round "2"]
[White "Koenigl, Anton"]
[Black "Mlinar, Denis"]
[Result "1-0"]
[WhiteElo "1655"]
[BlackElo "1153"]
[PlyCount "105"]
[EventDate "2011.12.04"]
[EventType "swiss"]
[EventRounds "7"]
[EventCountry "GER"]
[SourceTitle "EXT 2015"]
[Source "ChessBase"]
[SourceDate "2014.11.20"]
[SourceVersion "1"]
[SourceVersionDate "2014.11.20"]
[SourceQuality "1"]

1. e4 e5 2. Nf3 Nc6 3. d4 exd4 4. Bc4 Be7 5. c3 d6 6. cxd4 Bg4 7. Be3 Nf6 8. Nc3 0-0 9. 0-0 a6 10. Be2 h6 11. Rc1 b5 12. Nxb5 axb5 13. Rxc6 Rxa2 14. Qc2 Ra7 15. Rc1 Ne8 16. Bxb5 Bd7 17. Ra6 Rb7 18. Bxd7 Qxd7 19. Rc6 Bd8 20. h3 Kh8 21. Qc3 Nf6 22. Qc2 Re8 23. Nd2 Qe7 24. b3 Nxe4 25. Nc4 Nf6 26. Na5 Rb8 27. Ra6 Qe4 28. Qxe4 Nxe4 29. Nc6 Rxb3 30. Ra8 Rc3 31. Rxc3 Nxc3 32. Rxd8 Rg8 33. Rxg8+ Kxg8 34. Kf1 f6 35. Ke1 Kf7 36. Bd2 Nb5 37. Ke2 Ke6 38. Kd3 Kd5 39. Nb4+ Ke6 40. d5+ Ke5 41. f4+ Kf5 42. g4+ Kg6 43. Na6 f5 44. Ba5 fxg4 45. hxg4 h5 46. gxh5+ Kxh5 47. Nxc7 Na7 48. Ne8 Nc8 49. Nxg7+ Kg6 50. Bc3 Ne7 51. Ke4 Nc8 52. Nf5 Kf7 53. Bb4 1-0

[Event "Bad Griesbach Seniors op 14th"]
[Site "Bad Griesbach"]
[Date "2011.12.04"]
[Round "1"]
[White "Mlinar, Denis"]
[Black "Sierian, Peter"]
[Result "1/2-1/2"]
[WhiteElo "1153"]
[BlackElo "1746"]
[PlyCount "81"]
[EventDate "2011.12.04"]
[EventType "swiss"]
[EventRounds "7"]
[EventCountry "GER"]
[SourceTitle "EXT 2015"]
[Source "ChessBase"]
[SourceDate "2014.11.20"]
[SourceVersion "1"]
[SourceVersionDate "2014.11.20"]
[SourceQuality "1"]

1. e4 d5 2. exd5 Qxd5 3. Nc3 Qa5 4. d4 c6 5. Bd2 Nf6 6. Nf3 Bg4 7. Be2 Nbd7 8. 0-0 e6 9. a3 Qc7 10. h3 Bxf3 11. Bxf3 Bd6 12. g3 0-0 13. b4 Nd5 14. Ne4 Be7 15. c4 N5f6 16. Bf4 e5 17. dxe5 Nxe5 18. Nxf6+ Bxf6 19. Rb1 Rfd8 20. Qb3 Qd7 21. Kg2 Nxf3 22. Qxf3 Qd3 23. Qxd3 Rxd3 24. a4 Rad8 25. Rfe1 g6 26. h4 h5 27. Re2 Rd1 28. Re1 Rxb1 29. Rxb1 a6 30. b5 axb5 31. axb5 cxb5 32. Rxb5 Rc8 33. Rxb7 Rxc4 34. Be3 Kg7 35. Rd7 Re4 36. Kf3 Ra4 37. Kg2 Ra2 38. Kf3 Rc2 39. Kg2 Bb2 40. Bd4+ Bxd4 41. Rxd4 1/2-1/2